| 000 -CABECERA |
| Longitud fija campo de control |
00724nam a2200217 a 4500 |
| 001 - NÚMERO DE CONTROL |
| Número de control |
135 |
| 003 - IDENTIFICADOR DEL NÚMERO DE CONTROL |
| Identificador del número de control |
CDMR |
| 005 - FECHA Y HORA DE LA ÚLTIMA TRANSACCIÓN |
| Fecha y hora de la última transacción |
20211117130226.0 |
| 008 - CÓDIGOS DE INFORMACIÓN DE LONGITUD FIJA |
| Códigos de información de longitud fija |
130130s1995||||||||||||||||||||||||||||d |
| 020 ## - NÚMERO INTERNACIONAL NORMALIZADO PARA LIBROS |
| Número Internacional Normalizado para Libros (ISBN) |
8478266593 |
| 040 ## - FUENTE DE LA CATALOGACIÓN |
| Centro catalogador de origen |
CDMR |
| Lengua de catalogación |
cat |
| Centro transcriptor |
CPC GIRONA |
| 100 1# - PUNTO DE ACCESO PRINCIPAL-NOMBRE DE PERSONA |
| Nombre de persona |
Corretger, Montserrat |
| 9 (RLIN) |
112 |
| 245 10 - MENCIÓN DE TÍTULO |
| Título |
Alfons Maseras |
| Resto del título |
: intel·lectual d'acció i literat : biografia, obra periodística, traduccions / |
| Mención de responsabilidad, etc. |
Montserrat Corretger |
| 260 ## - PUBLICACIÓN, DISTRIBUCIÓN, ETC. (PIE DE IMPRENTA) |
| Nombre del editor, distribuidor, etc. |
Curial |
| Lugar de publicación, distribución, etc. |
Barcelona: |
| 260 ## - PUBLICACIÓN, DISTRIBUCIÓN, ETC. (PIE DE IMPRENTA) |
| Fecha de publicación, distribución, etc. |
1995 |
| Nombre del editor, distribuidor, etc. |
Publicacions de l'Abadia de Montserrat : |
| 300 ## - DESCRIPCIÓN FÍSICA |
| Extensión |
249 pàgines; |
| Dimensiones |
23 cm |
| 490 ## - MENCIÓN DE SERIE |
| Mención de serie |
Textos i estudis de cultura catalana; |
| Designación de volumen o secuencia |
44 |
| 600 #0 - PUNTO DE ACCESO ADICIONAL DE MATERIA - NOMBRE DE PERSONA |
| 9 (RLIN) |
4707 |
| Nombre de persona |
Maseras, Alfons |
| 650 #0 - PUNTO DE ACCESO ADICIONAL DE MATERIA - TÉRMINO DE MATERIA |
| 9 (RLIN) |
3139 |
| Término de materia o nombre geográfico como elemento inicial |
Periodistes catalans |
| Subdivisión de forma |
Biografia |
| 942 ## - ENTRADA DE ELEMENTOS AGREGADOS (KOHA) |
| Koha [por defecto] tipo de item |
Monografies |
| Fuente de clasificaión o esquema |
|